100 deutsche Städte Karten-Quiz - Statistiken

Allgemein
  • Dieses Quiz wurde 4.030 mal gespielt
  • Das Durchschnittsergebnis liegt bei 45 aus 100
Antworten auf der Karte
Die Antworten werden auf der Karte rot bzw. grün angezeigt, abhängig davon wie oft sie richtig erraten wurden.
 
Antwortstatistiken
Antwort % Korrekt
Berlin
90%
Bremen
84%
Hamburg
82%
Dresden
76%
Flensburg
72%
Saarbrücken
68%
Bremerhaven
67%
Potsdam
67%
Kiel
66%
Aachen
65%
München
65%
Freiburg im Breisgau
63%
Rostock
63%
Erfurt
62%
Leipzig
61%
Hannover
60%
Frankfurt am Main
59%
Magdeburg
59%
Stuttgart
59%
Augsburg
58%
Konstanz
57%
Mainz
57%
Ulm
57%
Passau
56%
Schwerin
55%
Frankfurt (Oder)
54%
Wiesbaden
54%
Halle (Saale)
53%
Osnabrück
53%
Würzburg
53%
Lübeck
52%
Münster
52%
Nürnberg
52%
Trier
52%
Bonn
51%
Cottbus
51%
Karlsruhe
51%
Koblenz
51%
Stralsund
51%
Göttingen
50%
Kassel
50%
Köln
50%
Mannheim
50%
Chemnitz
49%
Kaiserslautern
47%
Ludwigshafen am Rhein
46%
Oldenburg
46%
Regensburg
46%
Bielefeld
44%
Heidelberg
44%
Rosenheim
44%
Wolfsburg
44%
Braunschweig
43%
Darmstadt
43%
Bayreuth
42%
Ingolstadt
42%
Paderborn
41%
Zwickau
41%
Bamberg
40%
Fürth
40%
Gera
40%
Gießen
40%
Jena
40%
Erlangen
39%
Offenbach am Main
39%
Siegen
39%
Düsseldorf
38%
Hanau
38%
Weimar
37%
Heilbronn
36%
Mönchengladbach
36%
Dortmund
35%
Hildesheim
35%
Pforzheim
35%
Leverkusen
34%
Salzgitter
34%
Duisburg
33%
Tübingen
33%
Reutlingen
32%
Esslingen am Neckar
31%
Ludwigsburg
30%
Wuppertal
29%
Bergisch Gladbach
28%
Essen
28%
Gütersloh
28%
Hamm
28%
Hagen
25%
Neuss
25%
Bochum
24%
Krefeld
24%
Mülheim an der Ruhr
23%
Solingen
23%
Remscheid
22%
Gelsenkirchen
21%
Moers
21%
Oberhausen
21%
Recklinghausen
21%
Bottrop
18%
Herne
18%
Witten
16%
Keine übereinstimmenden Quizze gefunden
Verteilung der Resultate
Anzahl Personen mit jedem Resultat
Perzentil nach korrekt beantworteten Fragen
Ihre Resultats-Entwicklung
Sie haben dieses Quiz noch nicht gespielt